| 000 | 00385cam a2200145ua 4500 | ||
|---|---|---|---|
| 003 | OSt | ||
| 008 | 250619b |||||||| |||| 00| 0 eng d | ||
| 041 | _aeng | ||
| 082 |
_a624.1834 _bPES/TE |
||
| 100 |
_aPesehke, Bernhard . _97592 |
||
| 245 | _aTechnical fundamentals : Concrete Construction / | ||
| 260 |
_aMumbai : _bAsia Publishing House , _c1961. |
||
| 300 | _a79 ; . | ||
| 942 | _cBK | ||
| 999 |
_c3394 _d3394 |
||